00445nam a22001577a 450000500170000001000150001702000260003203500140005803700130007208200080008510000170009324500340011026000420014427000660018630000350025220220622113744.0 aENG-133307 a9788123778198c155.00 aEN-116839 bDBAD/PUB a920 aBora, Shiela aKanaklata Barua/cShiela Bora aNew DelhibNational Book Trust c2016 bNew Delhia5 Instituional Area, Phase-II, Vasant Kunje110070 axv, 100p.bAppendixc19cm(pbk)